Random French regional capitals - Statistics

General Stats
  • This quiz has been taken 47 times
  • The average score is 8 of 10
Answer Stats
Regions Capitals % Correct
Corsica Ajaccio
100%
Occitanie Toulouse
100%
Provence-Alpes-Côte d'Azur Marseille
86%
Nouvelle Aquitaine Bordeaux
83%
Auvergne-Rhône-Alpes Lyon
83%
Réunion Saint-Denis
83%
Île-de-France Paris
75%
Bourgogne-Franche-Comté Dijon
71%
Grand-Est Strasbourg
71%
Brittany Rennes
67%
Normandy Rouen
67%
Hauts-de-France Lille
63%
Pays-de-la-Loire Nantes
60%
French Guiana Cayenne
50%
Martinique Fort-de-France
50%
Centre-Val de Loire Orléans
44%
Guadeloupe Basse-Terre
38%
Mayotte Dzaoudzi
29%
No matching quizzes found
Score Distribution
Percent of People with Each Score
Percentile by Number Answered
Your Score History
You have not taken this quiz